El Filibusterismo / (Record no. 6915)

MARC details
000 -LEADER
fixed length control field 00559nam a22001937a 4500
003 - CONTROL NUMBER IDENTIFIER
control field OSt
005 - DATE AND TIME OF LATEST TRANSACTION
control field 20251205025334.0
008 - FIXED-LENGTH DATA ELEMENTS--GENERAL INFORMATION
fixed length control field 251205b |||||||| |||| 00| 0 eng d
020 ## - INTERNATIONAL STANDARD BOOK NUMBER
International Standard Book Number 978-971-93418-9-5.
040 ## - CATALOGING SOURCE
Original cataloging agency DWCL-Admin lib
Transcribing agency OC
082 ## - DEWEY DECIMAL CLASSIFICATION NUMBER
Classification number Fil. 941.25 R627e 2010
100 ## - MAIN ENTRY--PERSONAL NAME
Personal name Guerrero, Leon Ma.
245 ## - TITLE STATEMENT
Title El Filibusterismo /
Statement of responsibility, etc. Leon Ma. Guerrero
260 ## - PUBLICATION, DISTRIBUTION, ETC.
Place of publication, distribution, etc. [Manila] :
Name of publisher, distributor, etc. Guerrero Pub. , Inc. ,
Date of publication, distribution, etc. c2010
300 ## - PHYSICAL DESCRIPTION
Extent xviii, 324 p. ;
Dimensions 23 cm.
650 ## - SUBJECT ADDED ENTRY--TOPICAL TERM
Topical term or geographic name entry element 1. El Filibusterismo
700 ## - ADDED ENTRY--PERSONAL NAME
Personal name Rizal, Jose
942 ## - ADDED ENTRY ELEMENTS (KOHA)
Source of classification or shelving scheme Dewey Decimal Classification
Koha item type Book-Filipiniana
Call number prefix Fil.
Suppress in OPAC No
952 ## - LOCATION AND ITEM INFORMATION (KOHA)
--
Holdings
Withdrawn status Lost status Source of classification or shelving scheme Damaged status Not for loan Home library Current library Shelving location Date acquired Source of acquisition Total Checkouts Full call number Barcode Date last seen Copy number Price effective from Koha item type Uniform Resource Identifier
    Dewey Decimal Classification     College Library College Library Filipiniana 07/01/2011 School Fund   Fil. 941.25 R627e 2010 48600 12/05/2025 c1 12/05/2025 BK - FIL